Multichannel Marketing Attribution Using Markov Chains for E-Commerce
Analýza údajov vybraných spoločností využívajúcich Markovove reťazce. Markovský reťaz a jeho použitie na modelovanie atribúcií. Súčasný stav využívania atribučného modelovania. Návrh najvhodnejšieho poradia Markovovho reťazca z hľadiska prediktívnej presnosti a výpočtovej efektívnosti.
Gespeichert in:
| 1. Verfasser: | |
|---|---|
| Weitere Verfasser: | , |
| Format: | Buchkapitel |
| Sprache: | Englisch |
| Schlagworte: | |
| Tags: |
Keine Tags, Fügen Sie das erste Tag hinzu!
|
MARC
| LEADER | 00000naa a2200000 4500 | ||
|---|---|---|---|
| 001 | 0276588 | ||
| 005 | 20210804094010.5 | ||
| 041 | 0 | |a eng | |
| 044 | |a CZ | ||
| 245 | 1 | 0 | |a Multichannel Marketing Attribution Using Markov Chains for E-Commerce |c Lukáš Kakalejčík, Jozef Bucko, Paulo Resende da Silva |
| 520 | |a Analýza údajov vybraných spoločností využívajúcich Markovove reťazce. Markovský reťaz a jeho použitie na modelovanie atribúcií. Súčasný stav využívania atribučného modelovania. Návrh najvhodnejšieho poradia Markovovho reťazca z hľadiska prediktívnej presnosti a výpočtovej efektívnosti. | ||
| 610 | 2 | 0 | |a marketing |
| 610 | 2 | 0 | |a obchod elektronický |
| 610 | 2 | 0 | |a modelovanie |
| 100 | 1 | |a Kakalejčík, Lukáš | |
| 700 | 1 | |a Bucko, Jozef | |
| 700 | 1 | |a Resende da Silva, Paulo | |